000 01142cab a22001935a 4500
001 L156510
008 120530e2012 xxk 000 0 eng d
035 _a(Sirsi) u156510
041 0 _aeng
100 1 _aWatson, Stuart
245 0 0 _aMarkets
_bsheds
260 _c2012
490 0 _aProperty Week
_v78 (21) 25 May 2012, 41-66(5)
520 _aRound-up of news from the shed market in England:Furniture retailer Steinhoff UK has secured the 425 952 sq ft Hydro warehouse on Magna Park in Leicestershire; , Caterpillar is expanding its operations at Peterlee in county Durham; joint venture partners Yorvale and Maple Grove Developments have purchased their first industrial development site in Wakefield; IO Group seeks individual industrial estates shunned by other investors; Prologisoffers purpose-built warehouses for occupiers only willing to commit to short-term leases; and Gazeley has launched G3volution, a customised BIM system for warehouse design. Also outlines what the community infrastructure levy means for industrial schemes.
590 _aKA
651 4 _aEngland
690 _aCommercial property
_96227
942 _n0
999 _c84046
_d84046